[Event "SRB-chT Men 1st League 2019"]
[Site "Subotica"]
[Date "2019.08.29"]
[Round "8.17"]
[White "Vucinic, Gojko"]
[Black "Roganovic, Milos"]
[Result "0-1"]
[WhiteElo "2396"]
[BlackElo "2505"]
[Annotator "ChessBase"]
[PlyCount "94"]
[EventDate "2019.08.23"]
[EventType "team-tourn"]
[EventCountry "SRB"]
[SourceTitle "playchess.com"]
[Source "ChessBase"]
[SourceQuality "1"]
[TimeControl "40/5400+30:1800+30"]

1. e4 {[%emt 0:00:16]} e5 {[%emt 0:00:00]} 2. Nf3 {[%emt 0:00:04]} Nc6 {[%emt 0:00:00]} 3. Bb5 {[%emt 0:00:13]} a6 {[%emt 0:00:55]} 4. Ba4 {[%emt 0:00:05]} Nf6 {[%emt 0:00:22]} 5. O-O {[%emt 0:00:18]} Be7 {[%emt 0:00:15]} 6. d3 {[%emt 0:01:01]} b5 {[%emt 0:02:07]} 7. Bb3 {[%emt 0:00:03]} O-O {[%emt 0:02:00]} 8. a3 {[%emt 0:00:56]} d5 {[%emt 0:03:52]} 9. exd5 {[%emt 0:09:40]} Nxd5 {[%emt 0:03:13]} 10. Re1 {[%emt 0:00:03]} Bg4 {[%emt 0:04:26]} 11. h3 {[%emt 0:05:26]} Bh5 {[%emt 0:00:24]} 12. g4 {[%emt 0:04:51]} Bg6 {[%emt 0:00:15]} 13. Nxe5 {[%emt 0:00:38]} Nxe5 {[%emt 0:00:13]} 14. Rxe5 {[%emt 0:00:10]} c6 {[%emt 0:00:59]} 15. Nc3 {[%emt 0:09:48]} Bf6 {[%emt 0:05:18]} 16. Rxd5 {[%emt 0:00:12]} cxd5 {[%emt 0:00:08]} 17. Nxd5 {[%emt 0:00:20]} Kh8 {[%emt 0:00:45]} 18. Be3 {[%emt 0:06:52]} Bxb2 {[%emt 0:04:17]} 19. Ra2 {[%emt 0:00:10]} Bf6 {[%emt 0:00:34]} 20. f4 {[%emt 0:00:03]} h6 {[%emt 0:02:43]} 21. Qf3 {[%emt 0:11:12]} Bh7 {[%emt 0:06:08]} 22. a4 {[%emt 0:04:37]} b4 {[%emt 0:02:06]} 23. Bc5 {[%emt 0:04:46]} Re8 {[%emt 0:00:57]} 24. Bxb4 {[%emt 0:07:47]} Bd4+ {[%emt 0:06:08]} 25. Kg2 {[%emt 0:02:33]} Rb8 {[%emt 0:00:57]} 26. c3 {[%emt 0:12:41]} Bxc3 {[%emt 0:04:33]} 27. Nxc3 {[%emt 0:01:07]} Rxb4 {[%emt 0:00:17]} 28. Bxf7 {[%emt 0:00:06]} Rf8 {[%emt 0:05:00]} 29. Bc4 {[%emt 0:01:48]} Bg8 {[%emt 0:01:01]} 30. Nd5 {[%emt 0:04:53]} Bxd5 {[%emt 0:01:46]} 31. Qxd5 {[%emt 0:00:04]} Qxd5+ {[%emt 0:00:49]} 32. Bxd5 {[%emt 0:00:02]} Rfxf4 {[%emt 0:01:47]} 33. Bc4 {[%emt 0:00:52]} a5 {[%emt 0:00:52]} 34. Bb5 {[%emt 0:01:56]} g6 {[%emt 0:05:21]} 35. Rc2 {[%emt 0:02:14]} Kg7 {[%emt 0:01:53]} 36. Be8 {[%emt 0:00:15]} Rb7 {[%emt 0:01:11]} 37. Bb5 {[%emt 0:05:04]} Re7 {[%emt 0:00:43]} 38. Rb2 {[%emt 0:00:38]} Kf6 {[%emt 0:00:43]} 39. Bc6 {[%emt 0:00:32]} Rd4 {[%emt 0:03:27]} 40. Bb5 {[%emt 0:00:00]} Kg5 {[%emt 0:00:00]} 41. Rc2 {[%emt 0:04:17]} Rf4 {[%emt 0:09:41]} 42. Rd2 {[%emt 0:05:44]} Re3 {[%emt 0:03:30]} 43. d4 {[%emt 0:00:07]} Kh4 {[%emt 0:00:27]} 44. d5 {[%emt 0:00:07]} Rg3+ {[%emt 0:00:10]} 45. Kh2 {[%emt 0:00:03]} Rxh3+ {[%emt 0:00:03]} 46. Kg2 {[%emt 0:00:02]} Rxg4+ {[%emt 0:00:13]} 47. Kf1 {[%emt 0:00:03]} Rh1+ {[%emt 0:00:04]} 0-1

[Event "SRB-chT Men 1st League 2019"]
[Site "Subotica"]
[Date "2019.08.29"]
[Round "8.18"]
[White "Bogosavljevic, Boban"]
[Black "Damjanovic, Vuk"]
[Result "1-0"]
[WhiteElo "2516"]
[BlackElo "2246"]
[Annotator "ChessBase"]
[PlyCount "81"]
[EventDate "2019.08.23"]
[EventType "team-tourn"]
[EventCountry "SRB"]
[SourceTitle "playchess.com"]
[Source "ChessBase"]
[SourceQuality "1"]
[TimeControl "40/5400+30:1800+30"]

1. Nf3 {[%emt 0:00:46]} d5 {[%emt 0:00:00]} 2. g3 {[%emt 0:00:20]} c6 {[%emt 0:00:03]} 3. Bg2 {[%emt 0:00:15]} Bg4 {[%emt 0:00:20]} 4. c4 {[%emt 0:01:44]} e6 {[%emt 0:01:38]} 5. O-O {[%emt 0:00:49]} Nf6 {[%emt 0:01:18]} 6. h3 {[%emt 0:06:50]} Bxf3 {[%emt 0:01:26]} 7. Bxf3 {[%emt 0:00:08]} Be7 {[%emt 0:02:23]} 8. Qc2 {[%emt 0:00:15]} O-O {[%emt 0:00:39]} 9. Bg2 {[%emt 0:00:32]} Nbd7 {[%emt 0:02:24]} 10. d3 {[%emt 0:02:51]} a5 {[%emt 0:04:26]} 11. Nc3 {[%emt 0:01:36]} d4 {[%emt 0:00:59]} 12. Nb1 {[%emt 0:02:23]} a4 {[%emt 0:06:59]} 13. Nd2 {[%emt 0:00:36]} Nc5 {[%emt 0:09:47]} 14. Nf3 {[%emt 0:01:28]} Re8 {[%emt 0:04:41]} 15. Bd2 {[%emt 0:03:22]} Bf8 {[%emt 0:06:23]} 16. b4 {[%emt 0:08:35]} axb3 {[%emt 0:00:52]} 17. axb3 {[%emt 0:00:06]} Na6 {[%emt 0:10:18]} 18. Qb2 {[%emt 0:02:17]} e5 {[%emt 0:00:51]} 19. b4 {[%emt 0:03:59]} Qd6 {[%emt 0:04:42]} 20. Rfb1 {[%emt 0:04:57]} Nc7 {[%emt 0:06:02]} 21. Ra5 {[%emt 0:10:39]} Rxa5 {[%emt 0:07:38]} 22. bxa5 {[%emt 0:01:53]} Na6 {[%emt 0:00:07]} 23. Ng5 {[%emt 0:01:34]} Nd7 {[%emt 0:09:29]} 24. Ne4 {[%emt 0:07:32]} Qc7 {[%emt 0:00:42]} 25. Kh2 {[%emt 0:01:06]} Rb8 {[%emt 0:02:53]} 26. f4 {[%emt 0:09:26]} f6 {[%emt 0:00:22]} 27. fxe5 {[%emt 0:01:06]} fxe5 {[%emt 0:00:05]} 28. c5 {[%emt 0:12:05]} Naxc5 {[%emt 0:02:26]} 29. Qa2+ {[%emt 0:00:25]} Kh8 {[%emt 0:00:04]} 30. Ng5 {[%emt 0:00:19]} h6 {[%emt 0:00:12]} 31. Nf7+ {[%emt 0:01:15]} Kh7 {[%emt 0:00:05]} 32. Rf1 {[%emt 0:02:28]} g6 {[%emt 0:02:17]} 33. Bb4 {[%emt 0:03:37]} Bg7 {[%emt 0:04:26]} 34. h4 {[%emt 0:00:43]} b6 {[%emt 0:01:27]} 35. h5 {[%emt 0:00:30]} bxa5 {[%emt 0:02:51]} 36. hxg6+ {[%emt 0:00:55]} Kxg6 {[%emt 0:00:04]} 37. Bxc5 {[%emt 0:06:30]} Nxc5 {[%emt 0:00:11]} 38. Qc4 {[%emt 0:00:39]} Qe7 {[%emt 0:02:00]} 39. Qxc5 {[%emt 0:00:18]} Qxc5 {[%emt 0:00:27]} 40. Be4+ {[%emt 0:00:00]} Kh5 {[%emt 0:00:00]} 41. Kh3 {[%emt 0:00:12]} 1-0

[Event "SRB-chT Men 1st League 2019"]
[Site "Subotica"]
[Date "2019.08.30"]
[Round "9.1"]
[White "Rakhmanov, Aleksandr"]
[Black "Indjic, Aleksandar"]
[Result "1/2-1/2"]
[WhiteElo "2606"]
[BlackElo "2617"]
[Annotator "TA"]
[PlyCount "90"]
[EventDate "2019.08.23"]
[EventType "team-tourn"]
[EventCountry "SRB"]
[SourceTitle "playchess.com"]
[Source "ChessBase"]
[SourceQuality "1"]

{[%evp 9,90,2,11,10,11,8,14,12,37,33,31,26,33,32,27,16,75,6,18,12,21,0,0,0,0,0,0,0,0,0,0,-2,10,0,0,0,0,-18,0,0,16,0,20,0,19,0,41,0,13,0,0,0,0,0,0,0,0,0,0,0,2,6,24,0,0,0,0,0,0,0,0,0,0,0,6,0,0,0,0,0,0,0,0]} 1. c4 c5 2. Nc3 Nc6 3. g3 g6 4. Bg2 Bg7 5. b3 e6 6. Ba3 {A36: Symmetrical English vs ...g6: 4 Bg2 Bg7} d6 7. e3 Nge7 8. Nge2 Nf5 $146 ({Predecessor:} 8... O-O 9. O-O Qa5 10. Bb2 d5 11. cxd5 exd5 12. Nf4 Rd8 13. Qc1 d4 {½-½ (33) Ding,L (2813)-Vidit,S (2695) Wijk aan Zee 2019}) 9. d3 O-O 10. Qd2 Rb8 11. Bb2 e5 12. Nd5 b5 (12... Nfe7 $11 {keeps the balance.}) 13. O-O ({White should play} 13. Ndc3 $16 Qd7 14. Nxb5 (14. cxb5 Nce7 $14)) 13... Nce7 14. Nec3 b4 15. Nxe7+ (15. Nb1 {feels hotter.} a5 16. a3 Re8 17. Qe2 Nxd5 18. cxd5 Ba6 19. Qc2) 15... Nxe7 16. Nd5 Nxd5 17. Bxd5 Bb7 18. Bxb7 Rxb7 19. a3 bxa3 20. Rxa3 d5 21. Rc1 d4 22. exd4 exd4 23. Re1 Qf6 24. Bc1 Rfb8 25. Qf4 Qb6 26. Bd2 h5 27. Qf3 Kh7 28. Qf4 Rc8 29. Qf3 Bh6 30. Ba5 Qc6 31. Qxc6 Rxc6 32. Rea1 Kg7 33. Kf1 Re6 34. Be1 Ree7 35. Rb1 Re6 36. Rba1 h4 {The position is equal.} 37. gxh4 Bf4 38. Rxa7 Rxb3 39. R7a3 Rxa3 (39... Rb8 {is interesting.} 40. Ra8 Rbb6 41. R8a5 Re5 42. Rb5 Rc6) 40. Rxa3 Bxh2 $11 {KRB-KRB} 41. Bd2 Rf6 42. Kg2 {[#] Black must now prevent Bg5.} Bf4 43. Bxf4 Rxf4 44. Kg3 Rf5 45. f4 Rf6 {Accuracy: White = 57%, Black = 46%.} 1/2-1/2

[Event "SRB-chT Men 1st League 2019"]
[Site "Subotica"]
[Date "2019.08.30"]
[Round "9.2"]
[White "Ivic, Velimir"]
[Black "Perunovic, Milos"]
[Result "0-1"]
[WhiteElo "2511"]
[BlackElo "2569"]
[Annotator "ChessBase"]
[PlyCount "54"]
[EventDate "2019.08.23"]
[EventType "team-tourn"]
[EventCountry "SRB"]
[SourceTitle "playchess.com"]
[Source "ChessBase"]
[SourceQuality "1"]
[TimeControl "40/5400+30:1800+30"]

1. e4 {[%emt 0:00:00]} c5 {[%emt 0:00:00]} 2. Nf3 {[%emt 0:00:00]} e6 {[%emt 0:00:28]} 3. d4 {[%emt 0:00:00]} cxd4 {[%emt 0:00:08]} 4. Nxd4 {[%emt 0:00:00]} Nc6 {[%emt 0:00:21]} 5. Nc3 {[%emt 0:00:18]} Qc7 {[%emt 0:00:25]} 6. Be3 {[%emt 0:01:00]} a6 {[%emt 0:00:20]} 7. Be2 {[%emt 0:00:37]} b5 {[%emt 0:00:42]} 8. Nxc6 {[%emt 0:00:34]} Qxc6 {[%emt 0:00:08]} 9. Qd4 {[%emt 0:00:08]} Bb7 {[%emt 0:09:04]} 10. f3 {[%emt 0:00:24]} Rc8 {[%emt 0:09:43]} 11. a4 {[%emt 0:01:21]} b4 {[%emt 0:02:50]} 12. Nd1 {[%emt 0:00:07]} Qc7 {[%emt 0:16:47]} 13. a5 {[%emt 0:07:40]} Nf6 {[%emt 0:06:14]} 14. c3 {[%emt 0:30:24]} d5 {[%emt 0:21:40]} 15. e5 {[%emt 0:38:39]} Nd7 {[%emt 0:00:34]} 16. f4 {[%emt 0:03:56]} Nc5 {[%emt 0:08:41]} 17. Ra2 {[%emt 0:01:09]} bxc3 {[%emt 0:11:38]} 18. Nxc3 {[%emt 0:01:38]} Be7 {[%emt 0:00:48]} 19. f5 {[%emt 0:06:18]} Qd7 {[%emt 0:03:03]} 20. Qg4 {[%emt 0:01:37]} exf5 {[%emt 0:01:10]} 21. Qxg7 {[%emt 0:00:37]} Rf8 {[%emt 0:00:03]} 22. Ra1 {[%emt 0:02:17]} d4 {[%emt 0:01:18]} 23. Rd1 {[%emt 0:00:21]} Ne6 {[%emt 0:00:11]} 24. Qxh7 {[%emt 0:01:04]} Qc7 {[%emt 0:01:04]} 25. Bxd4 {[%emt 0:00:44]} Nxd4 {[%emt 0:00:05]} 26. Rxd4 {[%emt 0:00:03]} Qxe5 {[%emt 0:00:08]} 27. Rd2 {[%emt 0:01:55]} Rh8 {[%emt 0:00:20]} 0-1

[Event "SRB-chT Men 1st League 2019"]
[Site "Subotica"]
[Date "2019.08.30"]
[Round "9.3"]
[White "Damljanovic, Branko"]
[Black "Popov, Ivan"]
[Result "1/2-1/2"]
[WhiteElo "2483"]
[BlackElo "2604"]
[Annotator "TA"]
[PlyCount "84"]
[EventDate "2019.08.23"]
[EventType "team-tourn"]
[EventCountry "SRB"]
[SourceTitle "playchess.com"]
[Source "ChessBase"]
[SourceQuality "1"]

{[%evp 12,84,0,6,50,56,53,57,32,25,30,0,0,6,0,16,18,6,29,22,30,15,49,48,41,41,45,45,91,97,88,95,84,79,89,91,102,97,100,95,100,105,104,103,177,110,113,106,118,108,116,113,94,94,96,93,107,108,111,73,95,95,122,86,106,93,94,0,101,105,117,97,94,0,104]} 1. c4 e5 2. Nc3 Nf6 3. g3 Nc6 4. Bg2 Bb4 5. Nd5 Bc5 6. Nf3 d6 7. O-O h6 {A29: English Opening: Four Knights Variation with 4 g3} (7... O-O 8. e3 Bb6 9. Nxb6 axb6 10. b3 Bf5 11. d3 Qd7 12. Nh4 Bh3 13. e4 Bxg2 14. Kxg2 Nd4 15. Be3 b5 16. Bxd4 exd4 17. cxb5 Qxb5 {1-0 (35) Carlsen,M (2835)-Duda,J (2738) St Petersburg 2018}) 8. e3 O-O 9. d4 Bb6 {White is slightly better.} 10. dxe5 $146 ({Predecessor:} 10. b3 Bg4 11. h3 Bh5 12. g4 Bg6 13. Bb2 Re8 14. Nxb6 axb6 15. dxe5 dxe5 16. Qxd8 Raxd8 {1-0 (37) Kengis,E (2573)-Kraut,R (2453) Germany 1999}) 10... Nxe5 11. Qc2 Nxd5 12. cxd5 Nxf3+ 13. Bxf3 Bh3 14. Re1 a5 15. Bd2 Qf6 16. Bh1 Rae8 17. Bc3 Qg5 18. Qd2 Ra8 19. Bd4 Bc5 20. Bxc5 dxc5 21. Qc3 b6 22. e4 f6 23. f4 Qh5 24. Rad1 Rad8 25. Rd2 Bg4 26. a3 Qf7 27. Bg2 Kh8 (27... Qe7 $16 28. e5 fxe5) 28. e5 (28. b4 $18) 28... fxe5 $16 29. fxe5 Qe7 30. e6 Rf6 31. h3 Bh5 32. Rf2 Rxf2 33. Kxf2 Bg6 34. Kg1 Rf8 35. Re5 Kg8 36. h4 Rf6 37. Re1 Rf8 38. Qe5 Rf5 39. Qc3 Rf8 40. Re3 Rf6 41. Qc4 Rf8 42. Qc3 Rf6 $1 {Accuracy: White = 65%, Black = 46%.} 1/2-1/2

[Event "SRB-chT Men 1st League 2019"]
[Site "Subotica"]
[Date "2019.08.30"]
[Round "9.4"]
[White "Stojanovic, Mihajlo"]
[Black "Tadic, Branko"]
[Result "1/2-1/2"]
[WhiteElo "2475"]
[BlackElo "2488"]
[Annotator "ChessBase"]
[PlyCount "44"]
[EventDate "2019.08.23"]
[EventType "team-tourn"]
[EventCountry "SRB"]
[SourceTitle "playchess.com"]
[Source "ChessBase"]
[SourceQuality "1"]
[TimeControl "40/5400+30:1800+30"]

1. Nf3 {[%emt 0:00:00]} d5 {[%emt 0:08:47]} 2. d4 {[%emt 0:00:00]} Bf5 {[%emt 0:02:57]} 3. c4 {[%emt 0:00:00]} e6 {[%emt 0:00:08]} 4. Nc3 {[%emt 0:00:50]} Nc6 {[%emt 0:00:50]} 5. Bg5 {[%emt 0:04:39]} Be7 {[%emt 0:02:48]} 6. Bxe7 {[%emt 0:00:24]} Ngxe7 {[%emt 0:00:05]} 7. e3 {[%emt 0:00:29]} O-O {[%emt 0:02:25]} 8. Rc1 {[%emt 0:04:23]} a6 {[%emt 0:09:26]} 9. Bd3 {[%emt 0:06:32]} Bxd3 {[%emt 0:11:28]} 10. Qxd3 {[%emt 0:00:08]} Nb4 {[%emt 0:00:30]} 11. Qe2 {[%emt 0:00:12]} dxc4 {[%emt 0:04:31]} 12. Qxc4 {[%emt 0:00:28]} c5 {[%emt 0:00:12]} 13. Rd1 {[%emt 0:09:14]} Rc8 {[%emt 0:17:10]} 14. dxc5 {[%emt 0:02:16]} Qa5 {[%emt 0:00:10]} 15. O-O {[%emt 0:08:11]} Rxc5 {[%emt 0:02:43]} 16. Qh4 {[%emt 0:34:43]} Rc7 {[%emt 0:01:22]} 17. e4 {[%emt 0:10:48]} Nbc6 {[%emt 0:06:16]} 18. Rd2 {[%emt 0:01:01]} Rcc8 {[%emt 0:02:47]} 19. Rfd1 {[%emt 0:00:24]} Rcd8 {[%emt 0:06:17]} 20. Qf4 {[%emt 0:03:32]} Ng6 {[%emt 0:01:10]} 21. Qe3 {[%emt 0:00:07]} Rxd2 {[%emt 0:00:58]} 22. Rxd2 {[%emt 0:00:04]} Rd8 {[%emt 0:00:30]} 1/2-1/2

[Event "SRB-chT Men 1st League 2019"]
[Site "Subotica"]
[Date "2019.08.30"]
[Round "9.5"]
[White "Nestorovic, Nikola"]
[Black "Vucinic, Gojko"]
[Result "1/2-1/2"]
[WhiteElo "2468"]
[BlackElo "2396"]
[Annotator "ChessBase"]
[PlyCount "106"]
[EventDate "2019.08.23"]
[EventType "team-tourn"]
[EventCountry "SRB"]
[SourceTitle "playchess.com"]
[Source "ChessBase"]
[SourceQuality "1"]
[TimeControl "40/5400+30:1800+30"]

1. e4 {[%emt 1:30:30]} c5 {[%emt 1:30:30]} 2. Nf3 {[%emt 0:00:30]} d6 {[%emt 0:00:30]} 3. d4 {[%emt 0:00:30]} cxd4 {[%emt 0:00:30]} 4. Nxd4 {[%emt 0:00:30]} Nf6 5. Nc3 {[%emt 0:00:30]} g6 {[%emt 0:01:00]} 6. Be2 {[%emt 0:00:30]} Bg7 {[%emt 0:00:30]} 7. Be3 {[%emt 0:00:30]} Nc6 {[%emt 0:00:30]} 8. Qd2 {[%emt 0:00:30]} Ng4 {[%emt 0:00:30]} 9. Bxg4 {[%emt 0:00:30]} Bxg4 {[%emt 0:00:30]} 10. f3 {[%emt 0:00:30]} Bd7 {[%emt 0:00:30]} 11. O-O-O {[%emt 0:00:30]} Ne5 {[%emt 0:00:30]} 12. b3 {[%emt 0:00:30]} Qa5 {[%emt 0:00:30]} 13. Kb1 {[%emt 0:00:30]} Rc8 {[%emt 0:00:30]} 14. Nce2 {[%emt 0:00:30]} Qxd2 {[%emt 0:00:30]} 15. Rxd2 {[%emt 0:00:30]} a6 {[%emt 0:00:30]} 16. Nf4 {[%emt 0:00:30]} b5 {[%emt 0:00:30]} 17. Nd5 {[%emt 0:00:30]} e6 {[%emt 0:00:30]} 18. Nb6 {[%emt 0:00:30]} Rc3 {[%emt 0:00:30]} 19. Bf2 {[%emt 0:00:30]} Ke7 {[%emt 0:00:30]} 20. f4 {[%emt 0:00:30]} Ng4 {[%emt 0:00:30]} 21. Bh4+ {[%emt 0:00:30]} Bf6 {[%emt 0:00:30]} 22. Be1 {[%emt 0:00:30]} Bc6 {[%emt 0:00:30]} 23. Rd3 {[%emt 0:00:30]} Rxc2 {[%emt 0:00:30]} 24. e5 {[%emt 0:00:30]} Rc5 {[%emt 0:00:30]} 25. exf6+ {[%emt 0:00:30]} Nxf6 {[%emt 0:00:30]} 26. Nxc6+ {[%emt 0:00:30]} Rxc6 {[%emt 0:00:30]} 27. Ba5 {[%emt 0:00:30]} Rb8 {[%emt 0:00:30]} 28. Rc1 {[%emt 0:00:30]} Rbxb6 {[%emt 0:00:30]} 29. Bxb6 {[%emt 0:00:30]} Rxb6 {[%emt 0:00:30]} 30. Rc7+ {[%emt 0:00:30]} Kf8 {[%emt 0:00:30]} 31. Rdc3 {[%emt 0:00:30]} b4 {[%emt 0:00:30]} 32. R3c6 {[%emt 0:00:30]} Rb5 {[%emt 0:00:30]} 33. Rxd6 {[%emt 0:00:30]} Nd5 {[%emt 0:00:30]} 34. Ra7 {[%emt 0:00:30]} Nxf4 {[%emt 0:00:30]} 35. g4 {[%emt 0:00:30]} Kg7 {[%emt 0:00:30]} 36. Rdd7 {[%emt 0:00:30]} Kf6 {[%emt 0:00:30]} 37. h4 {[%emt 0:00:30]} h5 {[%emt 0:00:30]} 38. Rxf7+ {[%emt 0:00:30]} Ke5 {[%emt 0:00:30]} 39. gxh5 {[%emt 0:00:30]} gxh5 {[%emt 0:00:30]} 40. Rxa6 {[%emt 0:00:30]} Rc5 {[%emt 0:00:30]} 41. Raa7 {[%emt 0:30:30]} Rc3 {[%emt 0:30:30]} 42. Rab7 {[%emt 0:00:30]} Nd5 {[%emt 0:00:30]} 43. Rh7 {[%emt 0:00:30]} Rh3 {[%emt 0:00:30]} 44. Rxh5+ {[%emt 0:00:30]} Kd4 {[%emt 0:00:30]} 45. Rg5 {[%emt 0:00:30]} Nc3+ {[%emt 0:00:30]} 46. Kc1 {[%emt 0:00:30]} Nxa2+ {[%emt 0:00:30]} 47. Kd2 {[%emt 0:00:30]} Rh2+ {[%emt 0:00:30]} 48. Ke1 Rxh4 {[%emt 0:00:30]} 49. Rg3 {[%emt 0:01:00]} Rh1+ {[%emt 0:00:30]} 50. Kd2 {[%emt 0:00:30]} Rh2+ {[%emt 0:00:30]} 51. Ke1 {[%emt 0:00:30]} Rh1+ {[%emt 0:00:30]} 52. Kd2 {[%emt 0:00:30]} Rh2+ {[%emt 0:00:30]} 53. Ke1 Rh1+ {[%emt 0:00:30]} 1/2-1/2

[Event "SRB-chT Men 1st League 2019"]
[Site "Subotica"]
[Date "2019.08.30"]
[Round "9.6"]
[White "Damjanovic, Vuk"]
[Black "Nestorovic, Lazar"]
[Result "0-1"]
[WhiteElo "2246"]
[BlackElo "2374"]
[Annotator "NA"]
[PlyCount "80"]
[EventDate "2019.08.23"]
[EventType "team-tourn"]
[EventCountry "SRB"]
[SourceTitle "playchess.com"]
[Source "ChessBase"]
[SourceQuality "1"]
[TimeControl "40/5400+30:1800+30"]

1. e4 {[%emt 0:00:00]} Nc6 {[%emt 0:00:00]} 2. Nf3 {[%emt 0:03:27]} d6 {[%emt 0:00:00]} 3. d4 {[%emt 0:00:34]} g6 {[%emt 0:00:38]} 4. Nc3 {[%emt 0:07:15]} Bg7 {[%emt 0:00:22]} 5. Be2 {[%emt 0:00:54]} Bg4 {[%emt 0:01:46]} 6. Be3 {[%emt 0:00:32]} Nf6 {[%emt 0:04:04]} 7. d5 {[%emt 0:01:24]} Bxf3 {[%emt 0:00:59]} 8. Bxf3 {[%emt 0:03:19]} Ne5 {[%emt 0:00:06]} 9. Be2 {[%emt 0:00:28]} O-O {[%emt 0:00:13]} 10. O-O {[%emt 0:04:12]} c6 {[%emt 0:00:48]} 11. f4 {[%emt 0:00:46]} Ned7 {[%emt 0:00:11]} 12. Bf3 {[%emt 0:03:15]} Qc7 {[%emt 0:02:50]} 13. Qe2 {[%emt 0:04:55]} Nb6 {[%emt 0:04:59]} 14. Rae1 {[%emt 0:10:41]} Nfd7 {[%emt 0:01:34]} 15. Nd1 {[%emt 0:12:50]} a5 {[%emt 0:09:35]} 16. Bf2 {[%emt 0:14:07]} a4 {[%emt 0:01:33]} 17. c3 {[%emt 0:00:10]} Ra5 {[%emt 0:01:03]} 18. Ne3 {[%emt 0:01:53]} a3 {[%emt 0:01:38]} 19. b4 {[%emt 0:04:03]} Raa8 {[%emt 0:00:06]} 20. c4 {[%emt 0:03:10]} Ra4 {[%emt 0:02:01]} 21. Qd2 {[%emt 0:02:09]} c5 {[%emt 0:07:41]} 22. bxc5 {[%emt 0:03:35]} Nxc5 {[%emt 0:00:19]} 23. Rc1 {[%emt 0:00:38]} Bb2 {[%emt 0:07:36]} 24. Rc2 {[%emt 0:00:28]} Na6 {[%emt 0:00:32]} 25. f5 {[%emt 0:07:05]} Nxc4 {[%emt 0:07:41]} 26. Nxc4 {[%emt 0:02:07]} Rxc4 {[%emt 0:00:11]} 27. Rxb2 {[%emt 0:00:34]} axb2 {[%emt 0:00:15]} 28. Qxb2 {[%emt 0:00:02]} Rc2 {[%emt 0:02:12]} 29. Qb3 {[%emt 0:00:37]} Rc1 {[%emt 0:07:09]} 30. g3 {[%emt 0:00:52]} Rxf1+ {[%emt 0:01:05]} 31. Kxf1 {[%emt 0:00:00]} Ra8 {[%emt 0:10:25]} 32. fxg6 {[%emt 0:00:22]} hxg6 {[%emt 0:00:18]} 33. Qb5 {[%emt 0:02:05]} Nc5 {[%emt 0:01:01]} 34. Qb1 {[%emt 0:00:49]} Qa5 {[%emt 0:00:46]} 35. e5 {[%emt 0:01:08]} Qxa2 {[%emt 0:01:05]} 36. Qb5 {[%emt 0:00:23]} Qa1+ {[%emt 0:02:02]} 37. Kg2 {[%emt 0:00:09]} Qxe5 {[%emt 0:00:12]} 38. Bxc5 {[%emt 0:00:11]} dxc5 {[%emt 0:00:09]} 39. Qxb7 {[%emt 0:00:02]} Ra2+ {[%emt 0:01:05]} 40. Kh3 {[%emt 0:00:00]} Qf5+ {[%emt 0:00:00]} 0-1

[Event "SRB-chT Men 1st League 2019"]
[Site "Subotica"]
[Date "2019.08.30"]
[Round "9.7"]
[White "Predojevic, Borki"]
[Black "Sedlak, Nikola"]
[Result "1/2-1/2"]
[WhiteElo "2618"]
[BlackElo "2590"]
[Annotator "TA"]
[PlyCount "74"]
[EventDate "2019.08.23"]
[EventType "team-tourn"]
[EventCountry "SRB"]
[SourceTitle "playchess.com"]
[Source "ChessBase"]
[SourceQuality "1"]

{[%evp 26,74,29,16,19,23,18,23,24,26,25,22,23,15,24,22,15,25,19,20,21,27,10,24,20,16,31,22,26,16,15,15,15,19,14,0,0,0,7,7,7,7,7,7,7,7,98,7,61,0,104]} 1. d4 d5 2. c4 c6 3. Nc3 Nf6 4. Nf3 dxc4 5. a4 Bf5 6. e3 e6 7. Bxc4 Bb4 8. O-O Nbd7 9. Qe2 Bg6 10. e4 O-O 11. Bd3 Bh5 12. e5 Nd5 13. Nxd5 cxd5 14. Qe3 {And now Ng5 would win.} Re8 {D19: Slav Defence: 5 a4 Bf5 6 e3: Main line with 9 Qe2} (14... Be7 15. Ng5 Bxg5 16. Qxg5 Bg6 17. Qxd8 Rfxd8 18. Be2 Nb8 19. Be3 Nc6 20. Rfc1 Rdc8 21. Rc3 Nb4 22. Raa3 a5 {½-½ (38) Radjabov,T (2748)-Mamedov,R (2704) Shamkir 2018}) 15. Ng5 Nf8 16. Nxh7 Nxh7 {White has an edge.} 17. Bxh7+ Kxh7 18. Qh3 $1 g6 19. g4 {[%mdl 64] [#] Pin} f5 20. exf6 Qxf6 21. gxh5 Bd6 $146 ({Predecessor:} 21... Qxd4 22. Bg5 {½-½ (39) Cruzado Duenas,C (2584)-Korabliov,A (2423) ICCF email 2013}) 22. hxg6+ Kxg6 23. Qh6+ Kf7 {[#] ( -> ...Rg8+)} 24. Qh7+ Qg7+ 25. Qxg7+ Kxg7 26. Bg5 Be7 27. Bxe7 Rxe7 $11 {[%mdl 4096] Endgame KRR-KRR} 28. Ra3 Rc8 29. Rg3+ Kf8 30. f4 Rc4 31. f5 {Threatening mate with fxe6+.} exf5 32. Rxf5+ Rf7 33. Rgf3 Rxf5 34. Rxf5+ Ke7 35. Rxd5 Ke6 (35... Rxa4 $11 36. Kf2 Rb4) 36. Rd8 (36. Re5+ $16 Kf6 37. b3 Rxd4 38. Rb5) 36... Ke7 (36... Rxa4 $11 37. h4 Ke7) 37. Rd5 Ke6 {Accuracy: White = 65%, Black = 69%.} 1/2-1/2